National teams with most defeats at the UEFA European Championship - Statistics

Statistiche generali
  • Questo quiz è stato fatto 9 volte
  • Il punteggio medio è 10 su 14
Statistiche sulle risposte
Defeats Team % Corretto
11 England
88%
11 France
88%
14 Germany / West Germany
88%
11 Portugal
88%
12 Romania
88%
10 Spain
88%
11 Belgium
75%
13 Netherlands
75%
16 Russia / Soviet Union
75%
18 Denmark
63%
10 Serbia / Yugoslavia
63%
10 Sweden
63%
14 Turkey
50%
17 Czech Republic / Czechoslovakia
25%
Nessun quiz corrispondente trovato
Distribuzione punteggi
Percentuale di utenti per punteggio
Percentile per numero di risposta
I tuoi punteggi nel tempo
Non hai fatto questo quiz